01830nam a2200361 a 450000100100000000500170001000800410002702000180006804000250008608200240011110000340013524501220016925000120029126000660030330000210036949000270039050000730041750400310049059000270052165100280054865100350057665100400061170000440065170000250069583000330072091000370075395201370079095201370092795201370106495201220120195201280132399900170145100001539720200929164030.0100208s2008 dr ac 001 0 spa d a9789945457117 aDO-SdBNPbspacBNPHU a972.94bP315h, 20081 aPattee, Ricardod1906-93477410aHaití pueblo afroantillano /cRicardo Pattee ; edición Sócrates Olivo Álvarez ; presentación Mariano Mella. a2a. ed. aSanto Domingo :bSociedad Dominicana de Bibliófilos,c2008. a272 p. ;c23 cm.1 aBibliófilos 2000v24 aIncluye referencias bibliográficas y notas al pie de las páginas aBibliografía: p. 249-264 aInventariado, 2019/MFF 4aHaitíxHistoria98418 4aHaitíxCivilización916170 4aHaitíxPolitica Y Gobierno9126671 aÁlvarez, Sócrates Olivoeed.9347751 aMella, Mariano92101 0aBibliófilos 2000v2491044 aValidado. Control de calidad MFF 001054708DSaGRbGRcHDd2010-02-08iLF1l0o972.94 P315h, 2008p15397-30r2020-06-25te. 3w2020-06-25yLFDSZPréstamo en sala 001054708DSaGRbGRcHDd2010-02-08iLF1l0o972.94 P315h, 2008p15397-40r2020-06-25te. 4w2020-06-25yLFDSZPréstamo en sala 001054708DSaGRbGRcCTd2011-05-31iLF1l0o972.94 P315h, 2008p15397-50r2020-06-25te. 5w2020-06-25yLFDSZPréstamo en sala 0010718PDaPDbPDcHDd2010-02-08iLF1l0o972.94 P315h, 2008p15397-10r2020-06-25w2020-06-25yLFPDZNo se presta 0010718PDaPDbPDcHDd2010-02-08iLF1l0o972.94 P315h, 2008p15397-20r2020-06-25te. 2w2020-06-25yLFPDZNo se presta c14957d14957